Danmarks monarker siden 1448 med billeder - Statistics

General Stats
  • This quiz has been taken 7 times
  • The average score is 16 of 22
Answer Stats
Picture Hint Answer % Correct
2024 - Frederik 10
100%
1912 - 1947 Christian 10
71%
1513 - 1523 Christian 2
71%
1534 - 1559 Christian 3
71%
1588 - 1648 Christian 4
71%
1670 - 1699 Christian 5
71%
1730 - 1746 Christian 6
71%
1766 - 1808 Christian 7
71%
1839 - 1848 Christian 8
71%
1863 - 1906 Christian 9
71%
1523 - 1533 Frederik 1
71%
1559 - 1588 Frederik 2
71%
1648 - 1670 Frederik 3
71%
1699 - 1730 Frederik 4
71%
1746 - 1766 Frederik 5
71%
1808 - 1839 Frederik 6
71%
1848 - 1863 Frederik 7
71%
1906 - 1912 Frederik 8
71%
1947 - 1972 Frederik 9
71%
1972 - 2024 Margrethe 2
71%
1448 - 1481 Christian 1
57%
1481 - 1513 Hans
43%
No matching quizzes found
Score Distribution
Percent of People with Each Score
Percentile by Number Answered
Your Score History
You have not taken this quiz